000
00461nam a2200169Ia 4500
008
110201s9999 xx 000 0 und d
082
_b
B8218
_a
KS 1233
100
_a
मुजावर बशीर
245
_a
कवच
260
_b
पायल पब्लिकेशन
365
_b
170
600
_a
मुजावर बशीर
630
_a
कवच
700
_a
मुजावर बशीर
730
_a
कवच
942
_c
BOOK
999
_c
833708
_d
833705